000 00246nam a2200097 4500
245 _aKalpana aur hindi sahitya
_cViveki Rai
100 _aRai, Viveki
260 _aAllahabad
_bAnil Prakashan
_c1999
300 _a110p.; 21cm.
082 _aH
_b891.4305 RAI
999 _c75441
_d75441